000 00690nam a22001937a 4500
999 _c192783
_d192783
005 20221007172505.0
010 _aRP B-745771
020 _a9789391256470
_c295.00
035 _aB-745771
037 _bRupa
082 _a158.1
100 _aPillai, Radhakrishnan
245 _aArt of Winning:
_cRadhakrishnan Pillai
_bThe Chanakya Way/
260 _aNew Delhi
_bRupa
_c2021
270 _a7/16,Ansari Road, Daryaganj
_bNew Delhi
_e110002
300 _a173p.
_c20cm(pbk)
942 _2ddc
_cEN
_mPIL
_h158.1